Royaumes Anglo-Saxons - Carte Quiz - Statistiques

Statistiques générales
  • Ce quiz a été pris 6 032 fois
  • Le résultat moyen est 4 sur 7
Réponses sur la Carte
Les réponses sont colorées sur une échelle allant du rouge au vert en fonction du pourcentage des utilisateurs qui les ont devinées à leur premier essai. Vous pouvez retrouver ces pourcentages ci-dessous.
 
Statistiques - réponses
Réponse % Correct
Northumbrie
71%
Sussex
66%
Wessex
58%
Est-Anglie
53%
Essex
52%
Mercie
46%
Kent
36%
Aucun quiz correspondant
Distribution des résultats
% des personnes avec chaque résultat
Percentile par nombre de réponses
Votre historique - résultats
Vous n’avez pas pris ce quiz